00496nam a2200193 a 4500001001300000003000900013005001700022008004100039020001000080082001300090100001500103245002600118260005100144300000900195500003500204505002400239650002400263700001500287nice12345678IN_TiNIC20260116011548.0050524s0000 phia grp 000 0 eng  ac10000a201bSHE aSherwood,  aLife of Mrs. Sherwood aPhilladelphiabPresbyterian Board of Pubc0000 a152p aincludes index and biblioraphy2 abibliography, index aChristian-Biography1 aSherwood,